000 00196nam a2200085Ia 4500
008 230915s9999 xx 000 0 und d
050 _aT385 .A36 2004
245 0 _aCLASSROOM IN A BOOK
942 _cBK
999 _c202816
_d202816